| 000 | 00878cam a2200205 4500 | ||
|---|---|---|---|
| 001 | ##L134889 | ||
| 008 | 060908n2006 000 0 eng u | ||
| 020 | _a8790907558 | ||
| 035 | _a(Sirsi) u134889 | ||
| 041 | 0 | _aeng | |
| 110 | 2 | _aFederation International Des Geometres | |
| 245 | 0 | 0 |
_aAdministering marine spaces _binternational issues _h[electronic resource] |
| 260 |
_aFrederiksberg, Denmark _bFIG _c2006 |
||
| 520 | _aVarious papers which examine issues connected with the adninistration of marine spaces in an international context, including human rights, responsibilities and restrictions. | ||
| 590 | _aIKA190906 | ||
| 651 | 4 | _aInternational | |
| 690 | _aPROPERTY-RURAL AND NATURAL ASSETS-MARINE RESOURCES-MARINE RESOURCE MANAGEMENT | ||
| 856 | 4 | 0 |
_uhttps://www.fig.net/pub/figpub/pub36/figpub36.htm _zView the item free of charge at www.fig.net... |
| 942 | _n0 | ||
| 999 |
_c105835 _d105835 |
||